书目信息 |
| 题名: |
陶瓷先驱体聚合物
|
|
| 作者: | ;陶瓷纤维与先驱体研究室 著 | |
| 分册: | ||
| 出版信息: | 北京 科学出版社 2020.10 |
|
| 页数: | 338页 | |
| 开本: | 24cm | |
| 丛书名: | 先驱体转化陶瓷纤维与复合材料丛书 | |
| 单 册: | ||
| 中图分类: | TQ174.75 | |
| 科图分类: | ||
| 主题词: | 碳化硅陶瓷 | |
| 电子资源: | ||
| ISBN: | 978-7-03-059889-9 | |
| 000 | 01350nam0 2200301 45 | |
| 001 | 012001001942 | |
| 005 | 20140912165213.0 | |
| 010 | @a978-7-03-059889-9@dCNY160.00 | |
| 100 | @a20201210d2020 em y0chiy50 ea | |
| 101 | 0 | @achi |
| 102 | @aCN@b110000 | |
| 105 | @aa z 000yy | |
| 106 | @ar | |
| 200 | 1 | @a陶瓷先驱体聚合物@Atao ci xian qu ti ju he wu@b专著@e聚碳硅烷@dAdvanced preceramic polymers@epolycarbosilanes@f陶瓷纤维与先驱体研究室著@zeng |
| 210 | @a北京@c科学出版社@d2020.10 | |
| 215 | @a338页@c图@d24cm | |
| 225 | 1 | @a先驱体转化陶瓷纤维与复合材料丛书@f王军主编 |
| 300 | @a并列题名:Advanced preceramic polymers | |
| 300 | @a其他题名:聚碳硅烷 | |
| 330 | @a本书介绍了聚碳硅烷的合成方法、转化与应用,总结了国防科技大学陶瓷纤维与先驱体团队在聚碳硅烷合成、结构与性能方面三十余年的研究成果,主要介绍了聚碳硅烷的常压法、高压法及超临界流体法等合成技术,聚碳硅烷、超支化聚碳硅烷、含异质元素聚碳硅烷和高软化点聚碳硅烷的合成方法、组成结构与性质。 | |
| 461 | 0 | @12001 @a先驱体转化陶瓷纤维与复合材料丛书@1701 0@a王军主编 |
| 510 | 1 | @aAdvanced preceramic polymers@epolycarbosilanes@zeng |
| 517 | 1 | @a聚碳硅烷@Aju tan gui wan |
| 606 | 0 | @a碳化硅陶瓷 |
| 690 | @aTQ174.75@v5 | |
| 711 | 02 | @a陶瓷纤维与先驱体研究室@Atao ci xian wei yu xian qu ti yan jiu shi@4著 |
| 801 | 0 | @aCN@bBJSDL@c20211011 |
| 905 | @b1337820-2@dTQ174.75@e84@f3 | |
| 陶瓷先驱体聚合物:聚碳硅烷=Advanced preceramic polymers:polycarbosilanes/陶瓷纤维与先驱体研究室著.-北京:科学出版社,2020.10 |
| 338页:图;24cm.-(先驱体转化陶瓷纤维与复合材料丛书/王军主编) |
| 并列题名:Advanced preceramic polymers.-其他题名:聚碳硅烷 |
| ISBN 978-7-03-059889-9:CNY160.00 |
| 本书介绍了聚碳硅烷的合成方法、转化与应用,总结了国防科技大学陶瓷纤维与先驱体团队在聚碳硅烷合成、结构与性能方面三十余年的研究成果,主要介绍了聚碳硅烷的常压法、高压法及超临界流体法等合成技术,聚碳硅烷、超支化聚碳硅烷、含异质元素聚碳硅烷和高软化点聚碳硅烷的合成方法、组成结构与性质。 |
| ● |
| 相关链接 |
|
|
|
|
正题名:陶瓷先驱体聚合物
索取号:TQ174.75/84
 
预约/预借
| 序号 | 登录号 | 条形码 | 馆藏地/架位号 | 状态 | 备注 |
| 1 | 1337820 | 213378209 | 第二样本阅览室/ [索取号:TQ174.75/84] | 在馆 | |
| 2 | 1337821 | 213378218 | 第三借阅区/ [索取号:TQ174.75/84] | 在馆 | |
| 3 | 1337822 | 213378227 | 第三借阅区/ [索取号:TQ174.75/84] | 在馆 |